000 01037nam a2200277Ia 4500
003 OSt
005 20221005111900.0
006 a|||||r|||| 00| 0
007 ta
008 221004b |||||||| |||| 00| 0 hin d
020 _c325
024 _a21825
037 _b422/1, 20/03/2015, Vidyanidhi Prakashan
_cTextual
040 _aCRL
_cCRL
_bhin
041 _2hin
_ahin
082 _aDelta2, 152Q4
100 _aगोपीनाथ
245 0 _aआध्यात्म पथ विमर्श
246 _aĀdhyātma path vimarsha
260 _aवाराणसी
_bचौखम्बा कृष्णदास अकादमी भारत
_c2014
300 _a285पृ0
_ccm.
490 _aकृष्णदास संस्कृत सीरीज़; 247
650 _aआध्यात्मिक अनुभव और रहस्यवाद
942 _hDelta2, 152Q4
_cTEXL
_2cc
999 _c1023182
_d1023182